Jaskyňa Domica
Zobrazenie: Päť čiastkových pohľadov, každý v bielom orámovaní, všetky na červenom podklade. Päť čiastkových pohľadov na vnútro jaskyne, na rôzne kvaple a podzemnú rieku, na dvoch pohľadoch vidno aj niekoľko ľudí
| Other Authors: | |
|---|---|
| Format: | Photo |
| Language: | Slovak English French German Russian |
| PhysicalDescription: | 1 pohľadnica (5 čiastkových pohľadov) farebná 11 x 15 cm |
| Published: |
Praha
Orbis
[medzi 1921 a 1973?]
|
| Subjects: |
MARC
| LEADER | 00000nkm a2200000 a 4500 | ||
|---|---|---|---|
| 001 | vtls011968742 | ||
| 003 | SK-MaSNL | ||
| 005 | 20260331212121.0 | ||
| 007 | kf co | ||
| 008 | 231120q1921 xr g kuslo | ||
| 015 | |a SNBG | ||
| 035 | |a urn:nbn:sk:snk-km00egxj | ||
| 035 | |a urn:nbn:sk:snk-km43c34 | ||
| 035 | |a 4240EA8E-9EE4-40CB-BA9B-F6DEA8C2750A | ||
| 040 | |a SNK |b slo |c SNK |e AACR2 | ||
| 041 | 0 | |a slo |a eng |a fre |a ger |a rus | |
| 043 | |a e-xo--- | ||
| 044 | |a xr |c CZ | ||
| 072 | 7 | |a 908(437) |x Vlastiveda Česka a Slovenska |2 konspekt | |
| 080 | |a 908(437.6) |2 2011 | ||
| 080 | |a 551.44 |2 2011 | ||
| 080 | |a (084.121) |2 2011 | ||
| 080 | |a 551.1/.4 |2 2011 | ||
| 080 | |a 551.442 |2 2011 | ||
| 080 | |a 556.53 |2 2011 | ||
| 080 | |a 502.51 |2 2011 | ||
| 100 | 1 | |a Menec, Zdeněk, |d 1914-1998 |4 pht |9 56676 | |
| 245 | 1 | 0 | |a Jaskyňa Domica |h grafika |c foto Z. Menec |
| 246 | 3 | 1 | |a Peščera Domika |
| 246 | 3 | 1 | |a Höhle Domica |
| 246 | 3 | 1 | |a Grotte Domica |
| 246 | 3 | 1 | |a Domica Cave |
| 246 | 1 | |i Názov na obrazovej časti: |a Jaskyňa Domica | |
| 260 | |a Praha |b Orbis |c [medzi 1921 a 1973?] | ||
| 300 | |a 1 pohľadnica (5 čiastkových pohľadov) |b farebná |c 11 x 15 cm | ||
| 500 | |a Na adresnej časti pohľadnice je uvedený súbežný názov: "La grotte Domica" | ||
| 520 | 8 | |a Zobrazenie: Päť čiastkových pohľadov, každý v bielom orámovaní, všetky na červenom podklade. Päť čiastkových pohľadov na vnútro jaskyne, na rôzne kvaple a podzemnú rieku, na dvoch pohľadoch vidno aj niekoľko ľudí | |
| 546 | |a Súbežný názov na adresnej časti pohľadnice v angl., franc., nem. a rus. | ||
| 650 | 0 | 7 | |a rieky |2 SNKPH |9 29644 |
| 650 | 0 | 7 | |a geológia |2 SNKPH |9 167377 |
| 650 | 0 | 7 | |a speleológia |2 SNKPH |9 17878 |
| 650 | 0 | 7 | |a jaskyne |2 SNKPH |9 20772 |
| 651 | 7 | |a Domica (Slovensko : jaskyňa) |2 SNKPHgeo |9 22972 | |
| 655 | 7 | |a geografické pohľadnice |2 SNKPH |9 70522 | |
| 852 | |a Slovenská národná knižnica | ||
| 954 | |a pohľadnice cudzojazyčné (svetové) |2 lita | ||
| 958 | |a OND | ||
| 958 | |a GBN | ||
| 958 | |a GC | ||
| 958 | |a EUIPO | ||
| 999 | |c 607751 |d 609681 | ||
| 952 | |a SNK |b SNK |y PREZ |7 0 |p 17A1381129 |o snkSP 89775 |0 0 |1 0 |4 0 |d 2020-05-22 |f 1 |l 0 |r 2026-02-23 16:13:54 |w 2026-02-23 | ||


